| 000 | 00522pam a2200193 a 4500 | ||
|---|---|---|---|
| 020 | _a0256172064 (acidfree paper) | ||
| 040 | _cDLC | ||
| 082 | 0 | 0 | _a330 LIW 1998 A069 Or. |
| 100 | 1 | _aSharp, Ansel Miree, | |
| 245 | 1 | 0 | _aEconomics of social issues / |
| 250 | _a13th ed. | ||
| 260 |
_aBoston, Mass. : _bIrwin/McGraw-Hill, _cc1998. |
||
| 300 |
_axiv, 476 p. : _bcol. ill. ; _c23 cm. |
||
| 650 | 0 | _aEconomics. | |
| 650 | 0 | _aSocial problems. | |
| 700 | 1 | _aRegister, Charles A. | |
| 700 | 1 | _aGrimes, Paul W. | |
| 942 | _cEK | ||
| 999 |
_c14641 _d14641 |
||